Peer coaching at work : principles and practices /

Bibliographic Details
Main Author: Parker, Polly, (Author)
Format: eBook
Language:English
Published: Stanford, California : Stanford Business Books, [2018]
Subjects:
Online Access:Click to View
LEADER 01353nam a2200361 i 4500
001 EBC6144250
003 MiAaPQ
005 20200626085026.0
006 m o d |
007 cr cnu||||||||
008 200626s2018 cau o 001 0 eng d
020 |a 9781503605060  |q (electronic bk.) 
035 |a (MiAaPQ)EBC6144250 
035 |a (Au-PeEL)EBL6144250 
035 |a (OCoLC)1148893793 
040 |a MiAaPQ  |b eng  |e rda  |e pn  |c MiAaPQ  |d MiAaPQ 
050 4 |a HF5549.5.C53  |b .P375 2018 
082 0 |a 658.3124  |2 23 
100 1 |a Parker, Polly,  |e author. 
245 1 0 |a Peer coaching at work :  |b principles and practices /  |c Polly Parker [and three others]. 
264 1 |a Stanford, California :  |b Stanford Business Books,  |c [2018] 
264 4 |c 2018 
300 |a 1 online resource (215 pages) 
336 |a text  |b txt  |2 rdacontent 
337 |a computer  |b c  |2 rdamedia 
338 |a online resource  |b cr  |2 rdacarrier 
500 |a Includes index. 
588 |a Description based on print version record. 
590 |a Electronic reproduction. Ann Arbor, MI : ProQuest, 2018. Available via World Wide Web. Access may be limited to ProQuest affiliated libraries. 
650 0 |a Employees  |x Coaching of. 
655 4 |a Electronic books. 
797 2 |a ProQuest (Firm) 
856 4 0 |u https://ebookcentral.proquest.com/lib/matrademy/detail.action?docID=6144250  |z Click to View